Actors in a Hunger Games movie - Sudden Death - Statistics

General Stats
  • This quiz has been taken 135 times
  • The average score is 9 of 15
Answers on the Grid
Answers color-coded by a green-red scale on the quiz's grid according to % correct below.
Jennifer Lawrence
Josh Hutcherson
Liam Hemsworth
Lenny Kravitz
Woody Harrelson
Elizabeth Banks
Donald Sutherland
Jeffrey Wright
Rachel Zegler
Peter Dinklage
Hunter Schafer
Mahershala Ali
Glenn Close
Jesse Plemons
Ralph Fiennes
Tom Hanks
Chris Hemsworth
Anya Taylor-Joy
Samuel L. Jackson
Pedro Pascal
Jack Black
Jason Momoa
Omar Sy
Viggo Mortensen
Keira Knightley
Kate Winslet
Cate Blanchett
Emily Blunt
Harrison Ford
Tom Hiddleston
 
Answer Stats
Answer % Correct
Katniss Everdeen Jennifer Lawrence
89%
Peeta Mellark Josh Hutcherson
89%
Haymitch Abernathy in the original trilogy Woody Harrelson
78%
Gale Hawthorne Liam Hemsworth
77%
Lucy Gray Baird Rachel Zegler
72%
Effie Trinket in the original trilogy Elizabeth Banks
69%
Coriolanus Snow in the original trilogy Donald Sutherland
67%
Cinna Lenny Kravitz
57%
Tigris Snow in Ballad of the Songbirds and Snakes Hunter Schafer
53%
Casca Highbottom Peter Dinklage
50%
Coriolanus Snow in Sunrise on the Reaping Ralph Fiennes
38%
Plutarch Heavensbee in Sunrise on the Reaping Jesse Plemons
37%
Drusilla Sickle Glenn Close
29%
Beetee Latier in the original trilogy Jeffrey Wright
27%
Boggs Mahershala Ali
23%
No matching quizzes found
Score Distribution
Percent of People with Each Score
Percentile by Number Answered
Your Score History
You have not taken this quiz